000 00539 a2200169 4500
001 066093
003 OSt
005 20210909171614.0
008
082 _a306.071
_bS74C
100 1 _aStorey, John
245 1 _aCultural theory and popular culture
_cby John Storey
260 _aNew Delhi
_bPearson
_c2001
300 _a237p.
690 _aCulture--Philosophy; Popular culture--Philosophy; Popular culture; Culture; Popular culture--Study and teaching; Culture--Study and teaching
942 _2ddc
_cBK
999 _c285
_d285